| 000 | 01140nam a22002417a 4500 | ||
|---|---|---|---|
| 005 | 20100707102911.0 | ||
| 008 | 100707t xxu||||| |||| 00| 0 hin d | ||
| 010 | _aHIN-89628 | ||
| 020 |
_a9788188939428 _c300.00 |
||
| 035 | _aHN-61974 | ||
| 037 | _bDBAD / PUB | ||
| 040 |
_aDPL _bHN |
||
| 082 | _a823.08 | ||
| 100 |
_aतिवारी, अंजलि _922668 |
||
| 245 |
_aफणीश्वरनाथ 'रेणु' का साहित्य / _cअंजलि तिवारी |
||
| 246 |
_aPhanishwar Nath Renu Ka Sahitya/ _bby Anjali Tiwari |
||
| 260 |
_aदिल्ली _bविमला बुक्स _c2010 |
||
| 270 |
_aई 1/267, सोनिया विहार _bदिल्ली _e110094 |
||
| 300 |
_a160पृ _c22सेमी (सजिल्द) |
||
| 650 |
_aहिन्दी कथा साहित्य _xइतिहास एवं समालोचना _922669 |
||
| 942 |
_2ddc _cHN _mतिवारी _h823.08 |
||
| 999 |
_c36829 _d36829 |
||